Vedenie účtovníctva v elektronickom prostredí bakalárska práca

Gespeichert in:
Bibliographische Detailangaben
1. Verfasser: Marušincová, Tamara
Körperschaft: Fakulta hospodárskej informatiky EU. Katedra účtovníctva a audítorstva
Weitere Verfasser: Ondrušová, Lucia, 1981-
Format: Buch
Sprache:Slowakisch
Veröffentlicht: Bratislava 2022
Tags: Tag hinzufügen
Keine Tags, Fügen Sie das erste Tag hinzu!

MARC

LEADER 00000nbm a2200000 4500
001 0286026
005 20230123150139.7
041 0 |a slo 
044 |a SK 
245 1 0 |a Vedenie účtovníctva v elektronickom prostredí  |b bakalárska práca  |c Tamara Marušincová ; školiteľ: Lucia Ondrušová 
264 1 |a Bratislava  |c 2022 
300 |a 67 s. 
100 1 |a Marušincová, Tamara 
700 1 |a Ondrušová, Lucia, 1981- 
710 2 |a Fakulta hospodárskej informatiky EU. Katedra účtovníctva a audítorstva